000 00663nam a2200169 i 4500
001 25524
003 ES-MaACL
005 20250904063040.0
007 t|
008 021227s1907 sp ||||1| spa d
100 1 _aArmenteras, Andrés Avelino de,
_d1866-1926
_922957
245 1 0 _aNecesidad de separar en España la política de la administración
_b: conferencia dada en la Asociación de alumnos de ingenieros y arquitectos el día 30 de noviembre de 1907 /
_cAndrés Avelino de Armenteras.
260 _aMadrid :
_b[s.n.],
_c1907 (
_fImp. de Ricardo Rojas)
300 _a29 p. ;
_c24 cm.
852 _aES-MaACL
_jT-492-F-3
999 _c25524
_d25524